Historia del siglo XX
Guardat en:
| Autor principal: | |
|---|---|
| Format: | Llibre |
| Idioma: | espanyol |
| Publicat: |
Buenos Aires, Argentina
Crítica
2001
|
| Edició: | Segunda edición |
| Col·lecció: | Biblioteca E. J. Hobsbawm de Historia Contemporánea
|
| Matèries: | |
| Etiquetes: |
Afegir etiqueta
Sense etiquetes, Sigues el primer a etiquetar aquest registre!
|
MARC
| LEADER | 00000nam a2200000 a 4500 | ||
|---|---|---|---|
| 001 | UCN4486 | ||
| 003 | CL-VaPUC | ||
| 005 | 20231002111953.0 | ||
| 008 | 010803e20010400AG |||||||||||||||||spa|d | ||
| 999 | |c 296720 |d 296718 | ||
| 040 | |c Pontificia Universidad Católica de Valparaíso | ||
| 082 | 0 | 4 | |a 909.82 HOB 2001 |2 21 |
| 100 | |a Hobsbawm, Eric J |e author |9 484887 | ||
| 245 | 1 | 0 | |a Historia del siglo XX |
| 250 | |a Segunda edición | ||
| 260 | |a Buenos Aires, Argentina |b Crítica |c 2001 | ||
| 300 | |a 612 páginas | ||
| 490 | 0 | |a Biblioteca E. J. Hobsbawm de Historia Contemporánea | |
| 583 | |a last modification |c 20010803 00:00:00 |k Rodrigo Vera | ||
| 650 | 7 | |a Guerra mundial II, |2 CL-VaPUC |9 346688 |y 1939-1945 | |
| 650 | 0 | |a Historia moderna |9 343224 |y Siglo 20 | |
| 650 | 0 | |a Guerra mundial I, |9 255715 |x Aspectos económicos |y 1914-1918 | |
| 650 | 0 | |a Guerra Fría |9 319648 |x Aspectos políticos | |
| 942 | |c BK |2 ddc | ||
| 945 | |d 20010803 00:00:00 |a cmena | ||
| 952 | |0 0 |1 0 |2 ddc |4 0 |6 909_820000000000000_HOB_2001 |7 0 |8 R |9 350804 |a BIBHIS |b BIBHIS |d 2019-11-20 |i 3744213 |l 17 |o 909.82 HOB 2001 |p 3744213 |r 2024-11-26 |s 2024-11-19 |t 1 |w 2019-11-20 |y BK_R |k HIS | ||